|
|
|
|
| LEADER |
00000nbm0a2200000 4500 |
| 001 |
177044 |
| 005 |
20231031165455.0 |
| 029 |
0 |
0 |
|a SU
|b 71059608
|f ТПУ
|
| 035 |
|
|
|a (RuTPU)RU\TPU\book\191950
|
| 090 |
|
|
|a 177044
|
| 100 |
|
|
|a 20100311d1971 k y0rusy50 ca
|
| 101 |
0 |
|
|a rus
|
| 102 |
|
|
|a RU
|
| 105 |
|
|
|a a p 001zy
|
| 200 |
1 |
|
|a Разработка физико-химических методов определения Co, V, Al, Ti, Mn, Cu, Pb, и Ni в Тюменских нефтях и нефтепродуктах
|e Отчет о НИР
|e Тема : № 66/70
|f Томский политехнический институт (ТПИ) ; руководитель Ю. А. Карбаинов , Г. Н. Сутягина
|
| 210 |
|
|
|a Томск
|d 1971
|
| 215 |
|
|
|a 165 л.
|
| 320 |
|
|
|a Библиогр.: с. 165.
|
| 610 |
1 |
|
|a нефтепродукты
|
| 610 |
1 |
|
|a Тюмень
|
| 610 |
1 |
|
|a нефти
|
| 610 |
1 |
|
|a физико-химические методы
|
| 610 |
1 |
|
|a разработка
|
| 610 |
1 |
|
|a кобальт
|
| 610 |
1 |
|
|a ванадий
|
| 610 |
1 |
|
|a алюминий
|
| 610 |
1 |
|
|a титан
|
| 610 |
1 |
|
|a марганец
|
| 610 |
1 |
|
|a медь
|
| 610 |
1 |
|
|a свинец
|
| 610 |
1 |
|
|a никель
|
| 610 |
1 |
|
|a определение
|
| 610 |
1 |
|
|a отчеты о НИР
|
| 675 |
|
|
|a 665.5(04)
|v 3
|
| 702 |
|
1 |
|a Карбаинов
|b Ю. А.
|c российский электрохимик и электроаналитик
|c профессор Томского политехнического университета
|f 1940-
|g Юрий Александрович
|2 stltpush
|3 (RuTPU)RU\TPU\pers\15852
|4 673
|
| 702 |
|
1 |
|a Сутягина
|b Г. Н.
|4 677
|
| 712 |
0 |
2 |
|a Томский политехнический институт (ТПИ)
|c (1944-1991)
|2 stltpush
|3 (RuTPU)RU\TPU\col\1123
|4 595
|
| 801 |
|
1 |
|a RU
|b 63413507
|c 20100311
|
| 801 |
|
2 |
|a RU
|b 63413507
|c 20190425
|g RCR
|
| 942 |
|
|
|c BK
|